000
00265nam a2200109Ia 4500
008
190907s9999||||xx |||||||||||||| ||und||
100
_a
Ashfaq Husain
245
0
_a
Gentle Man : Allah Allah
260
_a
Lahore
_b
Idarahai Matbuaat
_c
2001
300
_a
224
942
_c
BK
999
_c
6228
_d
6228